Textbook of Gynaecology Contraception and Demography (Record no. 155669)

MARC details
000 -LEADER
fixed length control field 00356nam a2200133Ia 4500
008 - FIXED-LENGTH DATA ELEMENTS--GENERAL INFORMATION
fixed length control field 230411s9999 xx 000 0 und d
041 ## - LANGUAGE CODE
Language code of text/sound track or separate title eng
082 ## - DEWEY DECIMAL CLASSIFICATION NUMBER
Classification number OG/618.104/DAW/B05142
100 ## - MAIN ENTRY--PERSONAL NAME
Personal name Dawn C
245 ## - TITLE STATEMENT
Title Textbook of Gynaecology Contraception and Demography
260 ## - PUBLICATION, DISTRIBUTION, ETC. (IMPRINT)
Name of publisher, distributor, etc. Dawn Books
Place of publication, distribution, etc. Kolkata
Date of publication, distribution, etc. 2003
300 ## - PHYSICAL DESCRIPTION
Extent 256p
Holdings
Withdrawn status Lost status Damaged status Not for loan Collection code Home library Current library Date acquired Vendor Cost, normal purchase price Bill number Total Checkouts Full call number Barcode Date last seen Cost, replacement price Bill Date Koha item type Original Barcode
        Gynecology Smt. Bakul Tambat Institute of Nursing Education Smt. Bakul Tambat Institute of Nursing Education 03/05/2008 S.K.Kothari,Pune. 390.00 1038   OG 618.104 DAW B05142 BTIN-BK-5142 11/04/2023 292.00 03/05/2008 Books B05142